Cities by Bridge - Statistics

General Stats
  • This quiz has been taken 55 times
  • The average score is 8 of 15
Answer Stats
Picture Hint Answer % Correct
Golden Gate San Francisco
96%
Rialto Bridge Venice
94%
Brooklyn Bridge New York City
90%
Pont Alexandre III Paris
83%
Charles Bridge Prague
81%
Millennium Bridge London
58%
Thê Huc Bridge Hanoi
56%
Helix Bridge Singapore
52%
Luis I Bridge Porto
40%
Palace Bridge Saint Petersburg
33%
Kapellbrücke Lucerne
31%
Forth Bridge Edinburgh
29%
Rainbow Bridge Tokyo
25%
Bridge of Peace Tbilisi
15%
Bab El Kantra Bridge Constantine
13%
No matching quizzes found
Score Distribution
Percent of People with Each Score
Percentile by Number Answered
Your Score History
You have not taken this quiz